[Event "Tom Weston Open Major"]
[Site "Cardiff"]
[Date "2016.03.26"]
[Round "4.5"]
[White "Williams, Stephen"]
[Black "Harle, Bill"]
[Result "1/2-1/2"]
[WhiteElo "1724"]
[BlackElo "1831"]
[PlyCount "73"]
[EventDate "2016.03.25"]
[EventRounds "7"]
[EventCountry "WLS"]

1. d4 d5 2. c4 e6 3. Nc3 Nf6 4. Bg5 Be7 5. e3 Nbd7 6. cxd5 Nxd5 7. Bxe7 Nxe7 8.
Nf3 O-O 9. Bd3 Nf6 10. Qd2 Bd7 11. Ng5 Ng6 12. h4 Re8 13. h5 Nf8 14. O-O-O h6
15. Nf3 Nd5 16. Nxd5 exd5 17. Ne5 Be6 18. Rdg1 Rc8 19. Kb1 Qd6 20. g4 c5 21.
Qe2 cxd4 22. exd4 f6 23. Ng6 Bf5 24. Qd2 Bxg6 25. hxg6 Ne6 26. Bf5 Rc7 27. Re1
Rce7 28. Re3 Ng5 29. Rxe7 Qxe7 30. Rc1 Ne4 31. Qc2 Nd6 32. Qc7 Nxf5 33. gxf5
Kf8 34. Qxe7+ Rxe7 35. Rc8+ Re8 36. Rc7 Re7 37. Rc8+ 1/2-1/2

[Event "Tom Weston Open Major"]
[Site "Cardiff"]
[Date "2016.03.26"]
[Round "4.6"]
[White "Hurn, Robert AJ"]
[Black "Bridges, Paul"]
[Result "0-1"]
[WhiteElo "1654"]
[BlackElo "1821"]
[PlyCount "162"]
[EventDate "2016.03.25"]
[EventRounds "7"]
[EventCountry "WLS"]

1. d4 d5 2. c4 e6 3. Nc3 f5 4. Bf4 c6 5. e3 Nf6 6. Bd3 Be7 7. Nge2 O-O 8. O-O
Nbd7 9. h3 Ne4 10. f3 Nxc3 11. bxc3 Nf6 12. c5 b6 13. cxb6 axb6 14. c4 Bd6 15.
a4 Bxf4 16. Nxf4 dxc4 17. Bxc4 Nd5 18. Nxd5 exd5 19. Bb3 Kh8 20. Qc2 Bd7 21. f4
Re8 22. Rf3 Re7 23. Qc3 Qb8 24. Bc2 Qa7 25. Qb4 c5 26. Qa3 Rae8 27. Qc3 c4 28.
Qa3 Qc7 29. Qc3 g6 30. Ra3 Qd6 31. h4 Ra8 32. Ra1 Be8 33. h5 Rea7 34. hxg6 hxg6
35. Qe1 Rh7 36. Qg3 b5 37. Qg5 Qe7 38. Qg3 Qh4 39. Qg5 Qxg5 40. fxg5 b4 41. g4
b3 42. Bb1 fxg4 43. Rf6 Kg7 44. a5 Rh3 45. Re6 Bf7 46. Re7 Kf8 47. Re5 c3 48.
Bd3 c2 49. Bxc2 bxc2 50. Rc1 Rxa5 51. Rxc2 Ra3 52. Rf2 Raxe3 53. Rxd5 Reg3+ 54.
Kf1 Rf3 55. Rc5 Rxf2+ 56. Kxf2 Rf3+ 57. Kg2 Rd3 58. Rc8+ Ke7 59. Rc7+ Ke6 60.
d5+ Rxd5 61. Kg3 Rd4 62. Rc6+ Kd5 63. Rf6 Be8 64. Rf8 Bd7 65. Rf6 Bf5 66. Rf8
Rd3+ 67. Kf2 Ke4 68. Re8+ Kf4 69. Re1 Kxg5 70. Rg1 Kf4 71. Ra1 Rd2+ 72. Kg1 Rb2
73. Ra3 Be4 74. Rc3 Bf3 75. Rc1 Rd2 76. Rc4+ Kg3 77. Rc1 Rd1+ 78. Rxd1 Bxd1 79.
Kh1 Bf3+ 80. Kg1 Kh3 81. Kf2 Kh2 0-1

[Event "Tom Weston Open Major"]
[Site "Cardiff"]
[Date "2016.03.26"]
[Round "4.7"]
[White "Sivarajasingam, Venetia"]
[Black "McGregor, John"]
[Result "1-0"]
[WhiteElo "1587"]
[BlackElo "1814"]
[PlyCount "47"]
[EventDate "2016.03.25"]
[EventRounds "7"]
[EventCountry "WLS"]

1. e4 e5 2. Nf3 Nf6 3. Nxe5 d6 4. Nf3 Nxe4 5. Nc3 Nxc3 6. dxc3 Be7 7. Be3 O-O
8. Qd2 Be6 9. O-O-O a5 10. a3 Nc6 11. h4 Ne5 12. Nxe5 dxe5 13. Bd3 Qe8 14. f4
exf4 15. Bxf4 Qa4 16. Qf2 c5 17. Qg3 Rfe8 18. h5 c4 19. Bh6 Bf8 20. Bxg7 Bxg7
21. h6 Kf8 22. hxg7+ Ke7 23. Bxh7 f6 24. Qc7+ 1-0

[Event "Tom Weston Open Major"]
[Site "Cardiff"]
[Date "2016.03.26"]
[Round "4.8"]
[White "Lutchman Singh, Karanvir"]
[Black "Jukes, Sam"]
[Result "0-1"]
[WhiteElo "1735"]
[BlackElo "1659"]
[PlyCount "74"]
[EventDate "2016.03.25"]
[EventRounds "7"]
[EventCountry "WLS"]

1. e4 e5 2. Nf3 Nc6 3. Bb5 a6 4. Ba4 Nf6 5. d3 b5 6. Bb3 d6 7. c3 Be7 8. O-O
O-O 9. Nbd2 Na5 10. Bc2 c5 11. Re1 Re8 12. Nf1 Bf8 13. Ng3 h6 14. a3 Nc6 15. h3
a5 16. Bb3 a4 17. Ba2 Be6 18. Nf5 Bxa2 19. Rxa2 Kh7 20. g4 g6 21. Ng3 Bg7 22.
Be3 Qd7 23. Qd2 Rh8 24. Kh2 Kg8 25. Rh1 h5 26. g5 Ng4+ 27. Kg2 Nxe3+ 28. Qxe3
Rf8 29. Raa1 f5 30. exf5 gxf5 31. Ne2 Re8 32. Nh4 Ne7 33. Qf3 Rf8 34. Ng3 Qe8
35. Rae1 Ng6 36. Qd5+ Kh7 37. Nhxf5 Nf4+ 0-1

[Event "Tom Weston Open Major"]
[Site "Cardiff"]
[Date "2016.03.26"]
[Round "4.8"]
[White "Evans, James"]
[Black "Thomas, Roy"]
[Result "0-1"]
[WhiteElo "1478"]
[BlackElo "1720"]
[PlyCount "84"]
[EventDate "2016.03.25"]
[EventRounds "7"]
[EventCountry "WLS"]

1. e4 c5 2. d4 cxd4 3. c3 dxc3 4. Nxc3 Nc6 5. Nf3 g6 6. Bg5 Bg7 7. Bc4 Qa5 8.
Qb3 e6 9. Bf4 Nge7 10. O-O a6 11. Rfe1 O-O 12. e5 b5 13. Bf1 Bb7 14. Na4 Nd5
15. Nc5 Nxf4 16. Nxb7 Qc7 17. Nc5 d6 18. exd6 Qxd6 19. Ne4 Qe7 20. Rac1 Rfc8
21. g3 Nd5 22. Bg2 Qb4 23. Qxb4 Ncxb4 24. Rxc8+ Rxc8 25. a3 Nd3 26. Re2 Nxb2
27. Nfg5 Rc1+ 28. Bf1 Nc4 29. a4 b4 30. Nc5 a5 31. Nge4 Bd4 32. Nb3 Rd1 33.
Nxd4 Rxd4 34. Re1 Nd2 35. Nxd2 Rxd2 36. Bc4 Nc3 37. Bb3 Rb2 38. Bc4 Nxa4 39.
Ra1 Nb6 40. Bb5 a4 41. Bxa4 Nxa4 42. Rxa4 Kf8 0-1

[Event "Tom Weston Open Major"]
[Site "Cardiff"]
[Date "2016.03.26"]
[Round "4.10"]
[White "Donovan, Edward"]
[Black "Rovaretti, David"]
[Result "0-1"]
[WhiteElo "1706"]
[BlackElo "1611"]
[PlyCount "82"]
[EventDate "2016.03.25"]
[EventRounds "7"]
[EventCountry "WLS"]

1. e4 b6 2. d4 Bb7 3. Bd3 e6 4. Qe2 Nf6 5. Nf3 d5 6. e5 Nfd7 7. O-O a5 8. Bg5
Be7 9. Bxe7 Qxe7 10. Na3 c6 11. c4 Na6 12. cxd5 exd5 13. Rfe1 Nc7 14. Qe3 Ne6
15. Bf5 h6 16. Nc2 g6 17. Bh3 g5 18. Bf5 O-O-O 19. Qc3 Rdg8 20. b4 g4 21. Nd2
Rg5 22. Bd3 Rh5 23. g3 Rg8 24. bxa5 Ng5 25. Ne3 Nf3+ 26. Nxf3 gxf3 27. Kh1 Qe6
28. g4 Rxg4 29. Nxg4 Qxg4 30. Rg1 Qh3 31. Rg8+ Kc7 32. axb6+ Nxb6 33. Kg1 Qxh2+
34. Kf1 Qh1+ 35. Rg1 Bc8 36. Bb5 Bh3+ 37. Ke1 Qxg1+ 38. Kd2 Qxf2+ 39. Kc1 Bd7
40. Qc2 Rh1+ 41. Kb2 Qxc2+ 0-1

[Event "Tom Weston Open Major"]
[Site "Cardiff"]
[Date "2016.03.26"]
[Round "4.11"]
[White "Camp, Imogen A L"]
[Black "Sivarajasingam, Shayanna"]
[Result "1-0"]
[WhiteElo "1691"]
[BlackElo "1524"]
[PlyCount "99"]
[EventDate "2016.03.25"]
[EventRounds "7"]
[EventCountry "WLS"]

1. d4 d5 2. c4 e6 3. Nc3 Nf6 4. Bg5 Be7 5. e3 O-O 6. cxd5 exd5 7. Qc2 c6 8. Bd3
Nbd7 9. Nf3 Re8 10. O-O h6 11. Bf4 Nh5 12. Nxd5 Nxf4 13. Nxf4 Bd6 14. Ne2 Nf6
15. Ng3 Nd5 16. a3 Bg4 17. Nd2 Rc8 18. Nge4 Bf8 19. h3 Be6 20. Nc5 Bxc5 21.
dxc5 Qe7 22. Ne4 Red8 23. Rfd1 Rc7 24. Rd2 Rcd7 25. Rad1 Nf6 26. Nxf6+ Qxf6 27.
Kf1 Kf8 28. Be4 Bb3 29. Rxd7 Rxd7 30. Qxb3 Rxd1+ 31. Qxd1 Qe7 32. Qd6 Qxd6 33.
cxd6 Ke8 34. Bf5 g6 35. Bc8 b6 36. Ke2 Kd8 37. d7 Ke7 38. Kd3 Kd8 39. Kd4 Ke7
40. f4 f6 41. g4 a5 42. h4 a4 43. g5 fxg5 44. fxg5 h5 45. Ke5 b5 46. e4 c5 47.
Kd5 c4 48. Kc5 b4 49. Kxb4 c3 50. bxc3 1-0

[Event "Tom Weston Open Major"]
[Site "Cardiff"]
[Date "2016.03.26"]
[Round "4.12"]
[White "Govindaraj, Neya"]
[Black "Fox, Chris"]
[Result "1-0"]
[WhiteElo "1229"]
[BlackElo "1727"]
[PlyCount "67"]
[EventDate "2016.03.25"]
[EventRounds "7"]
[EventCountry "WLS"]

1. d4 f5 2. Nf3 Nf6 3. e3 e6 4. Bd3 d5 5. Nbd2 c6 6. O-O Bd6 7. b3 O-O 8. Bb2
Nbd7 9. c4 Ne4 10. c5 Bc7 11. Rc1 Qe7 12. b4 Rf6 13. Ne5 Rh6 14. Ndf3 Ng5 15.
Bc3 Nxf3+ 16. Qxf3 Nxe5 17. dxe5 Bd7 18. a3 Kh8 19. Qg3 Rg8 20. Rfe1 g5 21. f3
Qf7 22. a4 f4 23. Qf2 Qh5 24. h3 Bd8 25. Kf1 Qf7 26. Bd4 g4 27. exf4 gxh3 28.
gxh3 Bh4 29. Qh2 Bxe1 30. Kxe1 Qh5 31. Ke2 Qxh3 32. Qxh3 Rxh3 33. f5 exf5 34.
e6+ 1-0

[Event "Tom Weston Open Major"]
[Site "Cardiff"]
[Date "2016.03.26"]
[Round "4.13"]
[White "Qiu, Anlan"]
[Black "Fowler, Hugo"]
[Result "1/2-1/2"]
[WhiteElo "1551"]
[BlackElo "1558"]
[PlyCount "101"]
[EventDate "2016.03.25"]
[EventRounds "7"]
[EventCountry "WLS"]

1. e4 e5 2. Nf3 Nc6 3. Bc4 Bc5 4. Nc3 d6 5. d3 Nf6 6. Be3 Bb6 7. h3 Be6 8. Bb3
Qd7 9. Qd2 O-O-O 10. O-O-O d5 11. Bxb6 cxb6 12. exd5 Nxd5 13. Rhe1 f6 14. Ne4
Nf4 15. Rg1 Bxb3 16. axb3 Nd4 17. Nxd4 Qxd4 18. Rde1 Kb8 19. Qe3 Qd5 20. g4 Rc8
21. Nc3 Qc6 22. d4 Nd5 23. Qd3 Nxc3 24. bxc3 Qxc3 25. Qxc3 Rxc3 26. dxe5 fxe5
27. Rxe5 Rhc8 28. Kb1 Rxh3 29. Re3 Rxe3 30. fxe3 Re8 31. Rg3 Kc7 32. c4 Kd6 33.
Kc2 Ke5 34. Rf3 Re7 35. Rf4 Kd6 36. Kd3 Kc5 37. Rf5+ Kc6 38. Kd4 Rd7+ 39. Rd5
Rxd5+ 40. cxd5+ Kd6 41. e4 g6 42. e5+ Ke7 43. g5 Kd7 44. e6+ Kd6 45. Ke4 a5 46.
Kd4 b5 47. Ke4 a4 48. bxa4 bxa4 49. Kd3 b5 50. Kc3 a3 51. Kb3 1/2-1/2

[Event "Tom Weston Open Major"]
[Site "Cardiff"]
[Date "2016.03.26"]
[Round "4.14"]
[White "Llewellyn, Alan M"]
[Black "Fraser, Susanna"]
[Result "0-1"]
[WhiteElo "1514"]
[BlackElo "1439"]
[PlyCount "114"]
[EventDate "2016.03.25"]
[EventRounds "7"]
[EventCountry "WLS"]

1. c4 e5 2. Nc3 Nf6 3. Nf3 Nc6 4. g3 d5 5. cxd5 Nxd5 6. Bg2 Nxc3 7. bxc3 Bc5 8.
O-O O-O 9. Nxe5 Nxe5 10. d4 Bd6 11. dxe5 Bxe5 12. Ba3 Qxd1 13. Rfxd1 Re8 14.
Be7 Bf5 15. Ba3 c6 16. Rab1 Bxb1 17. Rxb1 Bxc3 18. Rxb7 Rxe2 19. Bxc6 Bd4 20.
Rd7 Bxf2+ 21. Kf1 Rae8 22. Rd3 R2e3 23. Rd2 Be1 24. Rd1 Rc8 25. Bc5 Rc3 26. Bb7
R3xc5 27. Bxc8 Rxc8 28. Rxe1 g6 29. Re7 a5 30. Ra7 Rc5 31. a4 Rd5 32. Rb7 Rd4
33. Ke2 Kg7 34. Ke3 Rxa4 35. Kd3 Ra2 36. Ra7 Rxh2 37. Rxa5 Rh3 38. Rg5 Kh6 39.
Rg4 f5 40. Rd4 Rxg3+ 41. Ke2 Kg5 42. Kf2 Rg4 43. Rd5 h5 44. Rd8 Kh4 45. Rh8 Kh3
46. Rh6 h4 47. Rh8 g5 48. Ra8 Rg2+ 49. Kf1 Rg3 50. Kf2 g4 51. Ra1 Rf3+ 52. Kg1
Kg3 53. Rb1 h3 54. Ra1 f4 55. Rb1 Rf2 56. Ra1 f3 57. Ra3 h2+ 0-1

[Event "Tom Weston Open Major"]
[Site "Cardiff"]
[Date "2016.03.26"]
[Round "4.15"]
[White "Lutchman Singh, Aishwarya"]
[Black "O'Rourke, Kevin"]
[Result "1-0"]
[WhiteElo "1440"]
[BlackElo "1393"]
[PlyCount "77"]
[EventDate "2016.03.25"]
[EventRounds "7"]
[EventCountry "WLS"]

1. d4 d5 2. Nf3 e6 3. Bf4 Nf6 4. e3 Nc6 5. Nbd2 h6 6. c3 a6 7. Be2 Nh5 8. Bg3
Nxg3 9. hxg3 Bd6 10. Qc2 Bd7 11. Nb3 b6 12. Nbd2 Qe7 13. Bd3 Na7 14. g4 Bb5 15.
c4 dxc4 16. Nxc4 Bb4+ 17. Ke2 Bxc4 18. Bxc4 O-O-O 19. Bxa6+ Kb8 20. Ne5 Rd6 21.
a3 Ba5 22. b4 b5 23. Bxb5 Nxb5 24. Nc6+ Rxc6 25. Qxc6 Na7 26. Qa6 Bb6 27. a4
Qxb4 28. Rhb1 Qa5 29. Qxa5 Kc8 30. Qa6+ Kd7 31. a5 Rc8 32. axb6 cxb6 33. Qb7+
Rc7 34. Qxb6 Rc6 35. Qb7+ Kd6 36. Rc1 f5 37. gxf5 exf5 38. Ra6 f4 39. Raxc6+
1-0

[Event "Tom Weston Open Major"]
[Site "Cardiff"]
[Date "2016.03.26"]
[Round "4.16"]
[White "Herkes, Steve"]
[Black "Prob, Malcolm"]
[Result "0-1"]
[WhiteElo "1521"]
[BlackElo "1641"]
[PlyCount "104"]
[EventDate "2016.03.25"]
[EventRounds "7"]
[EventCountry "WLS"]

1. e4 e6 2. c4 d5 3. cxd5 exd5 4. exd5 Qxd5 5. Nc3 Qe6+ 6. Nge2 Bd7 7. d4 Bb4
8. Be3 Nf6 9. a3 Bd6 10. d5 Qe7 11. g3 O-O 12. Bg2 Bf5 13. O-O a6 14. Re1 Re8
15. Nd4 Bg6 16. Qd2 Qf8 17. Bg5 Nbd7 18. Bf4 Ne5 19. Bxe5 Bxe5 20. Nf3 Bd6 21.
Nh4 Rxe1+ 22. Rxe1 Re8 23. Nxg6 hxg6 24. Rxe8 Qxe8 25. Qe3 Qxe3 26. fxe3 Nd7
27. Kf2 Ne5 28. Ke2 f5 29. Nd1 b6 30. e4 Kf7 31. exf5 gxf5 32. Kd2 Bc5 33. a4
Bg1 34. h3 Bh2 35. Ne3 g6 36. Nf1 Bg1 37. b3 Ke7 38. Kc3 Kd6 39. Kb4 Bf2 40.
Kc3 Kc5 41. b4+ Kd6 42. Kc2 Be1 43. Kb3 Nd3 44. b5 axb5 45. axb5 Kc5 46. Ka4
Nb2+ 47. Kb3 Nc4 48. Bf3 Nd6 49. g4 f4 50. Kc2 Nxb5 51. Nd2 Nd4+ 52. Kd3 Bxd2
0-1

[Event "Tom Weston Open Major"]
[Site "Cardiff"]
[Date "2016.03.27"]
[Round "5.1"]
[White "Bridges, Paul"]
[Black "Turner, Matthew J"]
[Result "0-1"]
[WhiteElo "1821"]
[BlackElo "2502"]
[PlyCount "56"]
[EventDate "2016.03.25"]
[EventRounds "7"]
[EventCountry "WLS"]

1. e4 c5 2. Nc3 Nc6 3. g3 g6 4. Bg2 Bg7 5. Nf3 d6 6. O-O Bg4 7. h3 Bxf3 8. Qxf3
Nf6 9. Qd1 O-O 10. Nd5 e6 11. Nxf6+ Qxf6 12. c3 Rab8 13. d3 b5 14. Bd2 b4 15.
h4 bxc3 16. bxc3 Rb2 17. e5 Nxe5 18. Bg5 Qf5 19. Be4 Qg4 20. Be7 Qxd1 21. Rfxd1
Rc8 22. Bxd6 Ng4 23. Rdb1 Bxc3 24. Rxb2 Bxb2 25. Rb1 Bd4 26. Rb7 Nxf2 27. Kf1
c4 28. Ke2 f5 0-1

[Event "Tom Weston Open Major"]
[Site "Cardiff"]
[Date "2016.03.27"]
[Round "5.2"]
[White "Ivekovic, Tihana"]
[Black "Summers, Charles"]
[Result "1/2-1/2"]
[WhiteElo "2115"]
[BlackElo "1922"]
[PlyCount "58"]
[EventDate "2016.03.25"]
[EventRounds "7"]
[EventCountry "WLS"]

1. d4 Nf6 2. c4 e5 3. dxe5 Ng4 4. Nf3 Bc5 5. e3 Nc6 6. Nc3 Ngxe5 7. Nxe5 Nxe5
8. Be2 O-O 9. O-O Re8 10. Kh1 a5 11. f4 Ng6 12. e4 d6 13. Qc2 c6 14. Bd2 Qh4
15. g3 Qe7 16. Bf3 Bh3 17. Rfe1 Qd7 18. Be3 Bg4 19. Bxg4 Qxg4 20. Bxc5 dxc5 21.
Qf2 h5 22. Rad1 Rad8 23. Rd2 Rd4 24. Rxd4 cxd4 25. Qxd4 h4 26. Qd1 Qh3 27. Qf3
Rd8 28. Qg2 Qg4 29. Qe2 Qh3 1/2-1/2

[Event "Tom Weston Open Major"]
[Site "Cardiff"]
[Date "2016.03.27"]
[Round "5.3"]
[White "Christmas, Steve"]
[Black "Sivarajasingam, Venetia"]
[Result "1-0"]
[WhiteElo "1923"]
[BlackElo "1587"]
[PlyCount "84"]
[EventDate "2016.03.25"]
[EventRounds "7"]
[EventCountry "WLS"]

1. c4 Nf6 2. g3 e6 3. Bg2 d5 4. b3 Be7 5. Nf3 O-O 6. O-O a5 7. a3 a4 8. cxd5
exd5 9. b4 Nbd7 10. d4 Nb6 11. Ne5 Bf5 12. Nc3 c6 13. f3 Nfd7 14. e4 Nxe5 15.
dxe5 dxe4 16. fxe4 Qxd1 17. Nxd1 Be6 18. Ne3 Nc4 19. Nf5 Bxf5 20. exf5 Nxe5 21.
Bf4 Nc4 22. Rfc1 Bf6 23. Ra2 Nb6 24. Rd2 Rad8 25. Rxd8 Bxd8 26. b5 cxb5 27. Rb1
Bf6 28. Rxb5 Bd4+ 29. Kf1 Rc8 30. Bxb7 Rc3 31. Rb1 Rxa3 32. Ke2 Rb3 33. Rd1 Bf6
34. Bd5 Rb2+ 35. Kf3 Nxd5 36. Rxd5 h6 37. Be5 Bxe5 38. Rxe5 Rxh2 39. Ra5 Ra2
40. g4 a3 41. Ra8+ Kh7 42. Ra7 f6 1-0

[Event "Tom Weston Open Major"]
[Site "Cardiff"]
[Date "2016.03.27"]
[Round "5.4"]
[White "Harle, Bill"]
[Black "Pearson, Raymond"]
[Result "0-1"]
[WhiteElo "1831"]
[BlackElo "1952"]
[PlyCount "50"]
[EventDate "2016.03.25"]
[EventRounds "7"]
[EventCountry "WLS"]

1. d4 Nf6 2. Nf3 g6 3. g3 Bg7 4. Bg2 O-O 5. O-O d6 6. b3 e5 7. dxe5 dxe5 8. Bb2
e4 9. Ne5 Ng4 10. Nc4 Bxb2 11. Nxb2 Qf6 12. Qc1 Re8 13. e3 Bf5 14. Nd2 Nc6 15.
Nbc4 Rad8 16. c3 Rd3 17. Nb1 Qg5 18. Nb2 Rdd8 19. Rd1 Qh6 20. h3 Nge5 21. Rxd8
Rxd8 22. Qf1 Nf3+ 23. Kh1 Nce5 24. Nc4 Bxh3 25. Nxe5 Bxg2+ 0-1

[Event "Tom Weston Open Major"]
[Site "Cardiff"]
[Date "2016.03.27"]
[Round "5.5"]
[White "Gibbs, Dominic V"]
[Black "Williams, Stephen"]
[Result "1/2-1/2"]
[WhiteElo "1914"]
[BlackElo "1724"]
[PlyCount "122"]
[EventDate "2016.03.25"]
[EventRounds "7"]
[EventCountry "WLS"]

1. e4 c6 2. d4 d5 3. exd5 cxd5 4. c4 Nf6 5. Nc3 Nc6 6. Bg5 Be6 7. Nge2 h6 8.
Bxf6 exf6 9. c5 b6 10. Qa4 Qc7 11. b4 Be7 12. Nf4 O-O-O 13. Nxe6 fxe6 14. Nb5
Qd7 15. Rc1 Kb8 16. Qb3 Rc8 17. Be2 Rhd8 18. O-O a6 19. Qg3+ Kb7 20. Nc3 Nxd4
21. Bxa6+ Kxa6 22. Qd3+ Nb5 23. a4 bxc5 24. axb5+ Kb7 25. bxc5 Rxc5 26. b6 Rdc8
27. Ra1 Ra8 28. Ra7+ Rxa7 29. bxa7 Ka8 30. Ra1 Qc7 31. Ne2 e5 32. Qg6 Ra5 33.
Qe8+ Bd8 34. Rc1 Qe7 35. Qc6+ Kxa7 36. g3 Qb7 37. Qe6 Ra6 38. Qg4 d4 39. Qf5
Ra2 40. Qd3 Qa6 41. Qxa6+ Kxa6 42. Kf1 d3 43. Nc3 Rc2 44. Ra1+ Ba5 45. Nd1 d2
46. Ke2 Kb5 47. Rb1+ Bb4 48. Rb3 Kc4 49. Rd3 Rc1 50. Rd7 Kb3 51. Rxg7 f5 52.
Rf7 f4 53. gxf4 exf4 54. Rxf4 Rc6 55. Rxb4+ Kxb4 56. Kxd2 Kc4 57. Ke2 Kd4 58.
Kf3 Rc1 59. Ne3 Rc3 60. Kg4 Ke4 61. Kh5 Kf3 1/2-1/2

[Event "Tom Weston Open Major"]
[Site "Cardiff"]
[Date "2016.03.27"]
[Round "5.6"]
[White "Jukes, Sam"]
[Black "Wagner, Guy"]
[Result "1-0"]
[WhiteElo "1659"]
[BlackElo "1780"]
[PlyCount "21"]
[EventDate "2016.03.25"]
[EventRounds "7"]
[EventCountry "WLS"]

1. d4 e6 2. c4 b6 3. Nc3 Bb7 4. a3 f5 5. d5 Nf6 6. g3 Na6 7. Bg2 Bd6 8. Nh3 O-O
9. O-O Be5 10. Be3 Qe7 11. d6 1-0

[Event "Tom Weston Open Major"]
[Site "Cardiff"]
[Date "2016.03.27"]
[Round "5.7"]
[White "Buttell, David"]
[Black "Camp, Imogen A L"]
[Result "0-1"]
[WhiteElo "1813"]
[BlackElo "1691"]
[PlyCount "132"]
[EventDate "2016.03.25"]
[EventRounds "7"]
[EventCountry "WLS"]

1. d4 d5 2. c4 e6 3. Nc3 Nf6 4. Bg5 Be7 5. cxd5 exd5 6. Qc2 c6 7. e3 O-O 8. Bd3
Nbd7 9. Nge2 Re8 10. O-O h6 11. Bh4 Ne4 12. Bxe7 Qxe7 13. Bxe4 dxe4 14. d5 Nc5
15. Ng3 Bd7 16. Rfd1 Rad8 17. Rd4 f5 18. dxc6 bxc6 19. Rad1 Nd3 20. a3 c5 21.
Rd5 g6 22. Nge2 Rb8 23. b3 Bc6 24. Rb1 Bxd5 25. Nxd5 Qf7 26. Qc4 Red8 27. Ne7+
Kg7 28. Qxf7+ Kxf7 29. Nc6 g5 30. Nxd8+ Rxd8 31. Nc3 Rb8 32. Kf1 Ke6 33. Ke2
Ke5 34. f3 Rxb3 35. Rxb3 Nc1+ 36. Kf2 Nxb3 37. fxe4 fxe4 38. h3 Nd2 39. Ke2 Nc4
40. a4 h5 41. Kf2 a6 42. Ke2 Nd6 43. Kf2 Nc4 44. Ke2 Nb6 45. Kd2 Nd5 46. Nd1 a5
47. Kc2 c4 48. Kd2 Kd6 49. Nf2 Nf6 50. Nd1 Kc5 51. Nc3 Kb4 52. Kc2 g4 53. Kb2
gxh3 54. gxh3 h4 55. Kc2 Ka3 56. Nb1+ Kxa4 57. Kc3 Kb5 58. Kd4 Kb4 59. Nc3 a4
60. Nxa4 Kxa4 61. Kxc4 Nh5 62. Kd4 Ng3 63. Ke5 Kb4 64. Kf4 Kc4 65. Kg4 Kd3 66.
Kxh4 Kxe3 0-1

[Event "Tom Weston Open Major"]
[Site "Cardiff"]
[Date "2016.03.27"]
[Round "5.8"]
[White "Parri, Deio"]
[Black "Hurn, Robert AJ"]
[Result "1/2-1/2"]
[WhiteElo "1681"]
[BlackElo "1654"]
[PlyCount "28"]
[EventDate "2016.03.25"]
[EventRounds "7"]
[EventCountry "WLS"]

1. d4 Nf6 2. c4 e6 3. a3 d5 4. Nc3 dxc4 5. e4 Be7 6. Bxc4 O-O 7. Nf3 c6 8. O-O
b5 9. Ba2 Bb7 10. Bg5 Nbd7 11. Qe2 a6 12. Rfd1 Nb6 13. Rac1 Qe8 14. e5 Nfd5
1/2-1/2

[Event "Tom Weston Open Major"]
[Site "Cardiff"]
[Date "2016.03.28"]
[Round "5.9"]
[White "Sivarajasingam, Shayanna"]
[Black "Donovan, Edward"]
[Result "1-0"]
[WhiteElo "1524"]
[BlackElo "1706"]
[PlyCount "77"]
[EventDate "2016.03.25"]
[EventRounds "7"]
[EventCountry "WLS"]

1. e4 c5 2. Nf3 g6 3. Bc4 Bg7 4. O-O Nc6 5. c3 e6 6. d4 cxd4 7. cxd4 d5 8. exd5
exd5 9. Bb3 Nge7 10. h3 O-O 11. Nc3 Be6 12. Be3 Nf5 13. Qd2 Na5 14. Bc2 Nc4 15.
Qc1 Ncxe3 16. fxe3 Re8 17. Bxf5 Bxf5 18. Qd2 Rc8 19. Rac1 Rc6 20. Rf2 Rce6 21.
Re2 Bh6 22. Rce1 R6e7 23. Ne5 f6 24. Nd3 Qd6 25. Nf4 Be4 26. a3 g5 27. Nd3 Qg3
28. Nb4 Bf3 29. Rf2 g4 30. Nbxd5 Re6 31. hxg4 Bxd5 32. Nxd5 Bxe3 33. Rxe3 Rxe3
34. Nxf6+ Kh8 35. Nxe8 Rxe8 36. d5 Qxg4 37. Rf3 Re4 38. Qc3+ Rd4 39. Rd3 1-0

[Event "Tom Weston Open Major"]
[Site "Cardiff"]
[Date "2016.03.27"]
[Round "5.10"]
[White "Fowler, Hugo"]
[Black "Evans, James"]
[Result "0-1"]
[WhiteElo "1558"]
[BlackElo "1478"]
[PlyCount "100"]
[EventDate "2016.03.25"]
[EventRounds "7"]
[EventCountry "WLS"]

1. e4 c5 2. Nf3 Nc6 3. d4 cxd4 4. Nxd4 e5 5. Nb3 Nf6 6. Nc3 d6 7. Be2 a6 8. a4
Be6 9. Be3 Be7 10. O-O d5 11. exd5 Nxd5 12. Nxd5 Bxd5 13. Nc5 Na5 14. b4 Nc4
15. Bxc4 Bxc4 16. Qxd8+ Rxd8 17. Rfd1 O-O 18. Nd7 Be2 19. Bb6 Bxd1 20. Bxd8
Rxd8 21. Rxd1 f6 22. Kf1 Kf7 23. Ke2 Ke8 24. Nb6 Rxd1 25. Kxd1 Bxb4 26. Ke2 Bc5
27. Nd5 Kd7 28. c4 Kc6 29. Kf3 b5 30. axb5+ axb5 31. cxb5+ Kxd5 32. Kg3 Bxf2+
33. Kxf2 Kc5 34. Ke3 Kxb5 35. Ke4 Kc5 36. g4 g5 37. Kf5 Kd4 38. Kxf6 e4 39.
Kxg5 e3 40. Kh6 e2 41. g5 e1=Q 42. Kxh7 Qh4+ 43. Kg6 Qxh2 44. Kf6 Qh8+ 45. Kf7
Qh7+ 46. Kf6 Qg8 47. g6 Kd5 48. Kf5 Qg7 49. Kg5 Ke5 50. Kh5 Kf4 0-1

[Event "Tom Weston Open Major"]
[Site "Cardiff"]
[Date "2016.03.27"]
[Round "5.11"]
[White "Fox, Chris"]
[Black "Qiu, Anlan"]
[Result "0-1"]
[WhiteElo "1727"]
[BlackElo "1551"]
[PlyCount "68"]
[EventDate "2016.03.25"]
[EventRounds "7"]
[EventCountry "WLS"]

1. d4 Nf6 2. Nf3 g6 3. Nc3 Bg7 4. e4 d6 5. Be3 O-O 6. h3 e5 7. d5 a5 8. Qd2 Na6
9. O-O-O Nc5 10. Bg5 Ncxe4 11. Nxe4 Nxe4 12. Bxd8 Nxd2 13. Bxc7 Ne4 14. Bb6 Bd7
15. Be2 f5 16. Nd2 Bh6 17. Be3 Bxe3 18. fxe3 Nf2 19. Nc4 Nxh1 20. Rxh1 Bb5 21.
Kd2 Bxc4 22. Bxc4 f4 23. e4 f3 24. g3 g5 25. g4 Rf4 26. Ke3 Raf8 27. Rf1 Kg7
28. Rf2 h5 29. gxh5 Kh6 30. Bb5 Kxh5 31. Bd7 Kh4 32. Bf5 R8xf5 33. exf5 Rxf5
34. c4 b6 0-1

[Event "Tom Weston Open Major"]
[Site "Cardiff"]
[Date "2016.03.29"]
[Round "5.12"]
[White "O'Rourke, Kevin"]
[Black "Llewellyn, Alan M"]
[Result "0-1"]
[WhiteElo "1393"]
[BlackElo "1514"]
[PlyCount "90"]
[EventDate "2016.03.25"]
[EventRounds "7"]
[EventCountry "WLS"]

1. e4 Nf6 2. e5 Nd5 3. Qf3 Nb4 4. Qb3 e6 5. a3 N4c6 6. Nf3 d6 7. Bb5 Bd7 8. Nc3
Nxe5 9. Bxd7+ Nbxd7 10. Qxb7 Be7 11. Qe4 O-O 12. d4 d5 13. Nxd5 exd5 14. Qxd5
Nxf3+ 15. Qxf3 Re8 16. Be3 Bg5 17. O-O-O Bxe3+ 18. fxe3 Qf6 19. Qd5 Nb6 20. Qb3
Qf2 21. Kb1 Qxe3 22. Rhf1 Qxb3 23. cxb3 Re2 24. d5 Rd8 25. Rg1 Rxd5 26. Rde1
Rdd2 27. Rxe2 Rxe2 28. Rc1 Nd5 29. Rd1 c6 30. Rc1 Ne3 31. Rxc6 Re1+ 32. Ka2 f5
33. Rc8+ Kf7 34. Rc7+ Kf6 35. Rxa7 Nxg2 36. a4 Nf4 37. a5 Nd5 38. Ra6+ Re6 39.
Rxe6+ Kxe6 40. Ka3 f4 41. b4 f3 42. b5 f2 43. b6 f1=Q 44. b7 Qb5 45. a6 Qxa6+
0-1

[Event "Tom Weston Open Major"]
[Site "Cardiff"]
[Date "2016.03.28"]
[Round "6.1"]
[White "Turner, Matthew J"]
[Black "Sivarajasingam, Venetia"]
[Result "1-0"]
[WhiteElo "2502"]
[BlackElo "1587"]
[PlyCount "69"]
[EventDate "2016.03.25"]
[EventRounds "7"]
[EventCountry "WLS"]

1. d4 d5 2. c4 e6 3. Nc3 Be7 4. Bf4 Nf6 5. Nf3 O-O 6. e3 a6 7. cxd5 Nxd5 8.
Nxd5 exd5 9. Bd3 Bb4+ 10. Nd2 Nd7 11. Qc2 Bxd2+ 12. Kxd2 c5 13. Bxh7+ Kh8 14.
Bd3 cxd4 15. exd4 Nf6 16. f3 Bd7 17. Qc7 Qxc7 18. Bxc7 Rfc8 19. Rac1 Ne8 20.
Bf4 Rc6 21. Rxc6 Bxc6 22. Re1 Nf6 23. Re7 Kg8 24. g4 Re8 25. Rc7 g6 26. Bxa6
bxa6 27. Rxc6 Re6 28. Rxe6 fxe6 29. Be5 Nd7 30. f4 Nb6 31. b3 Kf7 32. Kc3 Ke7
33. Kb4 Kd7 34. Ka5 Nc8 35. h4 1-0